LDR 00991naa#a2200193#i#450# 001 EN\\bibl\125586 005 20260702021739.4 011 ## _a2075-1338 100 ## _a20260610b2026####ek#y0engy0150####ca 101 0# _aRUS 102 ## _aRU 200 1# _aApplication of Various Methods for Estimating the Dose Rate of External Radiation in Forest Biogeocenoses _eJournal article 210 1# _aMoscow _cScientific-Production Enterprise “Dosa” _d2026 215 ## _a13 с. 608 ## _aJournal article _2local 675 ## _aСельскохозяйственная экология. 631.95 _aПервичные радиационные эффекты. Радиационные нарушения структуры и функции биополимеров и биологически важных соединений. 577.346 _aСбор данных и планирование обследований. 519.252 _zRUS 700 #1 _aPerevolockaya _gT. V. 700 #1 _aPerevolockiy _gA N. 856 4# _adoza.editorum.ru _u